| Tag |
First Indicator |
Second Indicator |
Subfields |
| LEADER |
00000cam a2200000 4500 |
| 001 |
in00000024561 |
| 005 |
20151007062415.0 |
| 008 |
730712s1950 pau 00001 eng u |
| 010 |
|
|
|a 50005447
|
| 035 |
|
|
|a (OCoLC)00655028
|
| 035 |
|
|
|9 AAD4799AM
|
| 040 |
|
|
|c CDC
|d TXA
|d UtOrBLW
|
| 049 |
|
|
|a TXAM
|c [175195]
|
| 090 |
|
|
|a PR6045.A78
|b M4 1950
|
| 092 |
|
|
|a 823
|b W283m
|
| 100 |
1 |
|
|a Warner, Rex,
|d 1905-1986.
|
| 245 |
1 |
0 |
|a Men of stones :
|b a melodrama.
|
| 250 |
|
|
|a [1st ed.].
|
| 264 |
|
1 |
|a Philadelphia :
|b Lippincott,
|c 1950.
|
| 300 |
|
|
|a 219 pages ;
|c 21 cm.
|
| 336 |
|
|
|a text
|b txt
|2 rdacontent
|
| 337 |
|
|
|a unmediated
|b n
|2 rdamedia
|
| 338 |
|
|
|a volume
|b nc
|2 rdacarrier
|
| 500 |
|
|
|a A novel.
|
| 999 |
|
|
|a MARS
|
| 999 |
f |
f |
|s ffdaabf5-cf4c-3b86-aa3d-d1361bb820dc
|i f951fc62-512d-32b3-9e6e-0b6cb72e4634
|t 0
|
| 952 |
f |
f |
|p ric
|a Texas A&M University
|b Rellis Campus
|c Joint Library Facility
|d Remote Storage
|t 0
|e PR6045.A78 M4 1950
|h Library of Congress classification
|i unmediated -- volume
|m A14801332782
|
| 998 |
f |
f |
|a PR6045.A78 M4 1950
|t 0
|l Remote Storage
|